|
|
|
|
| LEADER |
00000nam a22000007a 4500 |
| 005 |
20191009215253.0 |
| 007 |
cr|||| |||| |
| 008 |
191009s2019 es |||||s|||| 00||0 spa d |
| 020 |
|
|
|a 9786139441907
|
| 035 |
|
|
|a 29641
|
| 040 |
|
|
|a vLex
|
| 090 |
|
|
|c 9758
|d 9758
|
| 100 |
1 |
|
|a Gamba Segovia, Raisha Alejandra
|
| 245 |
1 |
0 |
|a Proteccin̤ legal del software por medio de la Propiedad Intelectual
|h [Recurso electrn̤ico] /
|c Raisha Alejandra Gamba Segovia, Camilo Andrš Escobar Mora
|
| 256 |
|
|
|a Servicio en ln̕ea
|
| 260 |
|
|
|a Madrid:
|b Editorial Acadm̌ica Espaǫla,
|c 2019
|
| 300 |
|
|
|a 1 recurso electrn̤ico
|
| 500 |
|
|
|a Este documento contiene una reflexin̤ investigativa respecto del software y expone a lo largo de una explicacin̤ de conceptos (Propiedad intelectual, propiedad industrial, derechos de autor, Nuevas Creaciones etc.), cm̤o šte, a travš de su proteccin̤, es pilar fundamental del desarrollo de las tecnologa̕s de la informacin̤ en la historia. Cabe aclarar que, este documento n︢icamente pretende estudiar el m̀bito de proteccin̤ relacionado con la propiedad intelectual y, especf̕icamente, con los derechos de autor y las nuevas creaciones. Cabe destacar, que este texto aporta conceptos de gran relevancia respecto a la proteccin̤ del software, pues no solo expone a la ley como la principal fuente de la proteccin̤ formal, sino que explica cm̤o en la prc̀tica, diferentes herramientas coadyuvan en la proteccin̤ material del mismo.
|
| 506 |
1 |
|
|a Disponible solo en los productos indicados
|d vLex Global
|d vLex Global (Academic Edition, excluding Law Schools)
|d vLex Global (U.S. Academic Edition, Law Schools)
|d vLex Global (U.S. Academic Edition, excluding Law Schools)
|d vLex Global (Academic Edition, Law Schools)
|
| 650 |
0 |
4 |
|a Derecho Mercantil y de la Empresa
|z Espaą
|
| 700 |
1 |
|
|a Escobar Mora, Camilo Andrš
|
| 740 |
0 |
|
|a vLex Libros (Servicio en ln̕ea)
|
| 856 |
4 |
0 |
|u http://vlex.com/source/29641
|z Acceso restringido
|
| 942 |
|
|
|c BOOK
|
| 999 |
0 |
|
|a Commercial and Business Law
|